000 00775nam a2200253 4500
003 OSt
005 20260530115303.0
008 260507b1971 cu |||| |||| 00| 0 spa d
040 _aICI
_bspa
_cICI
041 _aspa
050 _aF1788.22.C3
_bC67 1971
100 1 _aCastro, Fidel,
_eautor
_931499
245 1 0 _aCinco Documentos /
_cFidel Castro
264 1 _aLa Habana Cuba :
_bCiencias Sociales :
_bInstituto Cubano del Libro,
_c1971
300 _a213 páginas
336 _atexto
_2rdacontent
337 _asin medio
_2rdamedia
338 _avolumen
_2rdacarrier
490 0 0 _aediciones políticas
650 4 _aSocialismo
_zCuba
_931500
650 4 _aRelaciones internacionales
_zCuba
_931501
700 _aCasanueva, Roberto,
_ediseño
_931502
942 _2lcc
_cBK
_n1
999 _c12944
_d12944